Valtiot, joilla on suurimmat yksinomaiset talousvyöhykkeet - Statistics

Yleistilastot
  • Tätä visaa on pelattu 267 kertaa
  • Keskiarvotulos 15 / 20
Vastaustilastot
km² Valtio % Oikein
11 351 000 Yhdysvallat
100%
7 567 000 Venäjä
96%
5 599 000 Kanada
95%
8 505 000 Australia
94%
3 831 000 Brasilia
92%
4 479 000 Japani
92%
2 305 000 Intia
91%
3 269 000 Meksiko
89%
11 691 000 Ranska
86%
6 806 000 Yhdistynyt kuningaskunta
86%
3 682 000 Chile
83%
6 159 000 Indonesia
81%
2 385 000 Norja
81%
4 421 000 Uusi-Seelanti
80%
2 551 000 Tanska
71%
1 727 000 Portugali
58%
2 402 000 Papua-Uusi-Guinea
35%
3 442 000 Kiribati
30%
2 996 000 Mikronesia
28%
1 991 000 Marshallinsaaret
23%
Ehtoja vastaavia visoja ei löytynyt
Tulosjakauma
Jokaisen tuloksen saaneiden osuus
Persentiili vastausten määrän mukaan
Tuloshistoriasi
Et ole pelannut tätä visaa